000 00300nam a2200109Ia 4500
008 160531s9999 xx 000 0 und d
100 _aNothnagel, Alberto.
245 _aBasic Communication
245 _cby Alberto Nothnagel
260 _c2016
856 _uhttp://www.smashwords.com/books/view/627011
999 _c295102
_d295102